000 01394nam a22002297a 4500
005 20210325191400.0
008 s2538 th tha d
041 _atha
090 _aว HG5750.4 ม558ก 2538
100 0 _aมิ่งสรรพ์ ขาวสอาด
245 1 0 _aการเปรียบเทียบศักยภาพการลงทุนระหว่างประเทศ สปป.ลาว กับจังหวัดในภาคตะวันออกเฉียงเหนือของไทย
260 3 _aกรุงเทพฯ :
_bฝ่ายทรัพยากรธรรมชาติและสิ่งแวดล้อม สถาบันวิจัยเพื่อการพัฒนาประเทศไทย,
_c2538
300 _a172 หน้า :
_b ตาราง ;
_c 27 ซม.
650 0 4 _aกฎหมายแรงงาน -- ลาว -- วิจัย
650 0 4 _aการลงทุน -- ลาว -- วิจัย
650 0 4 _aการลงทุน -- ไทย (ภาคตะวันออกเฉียงเหนือ) -- วิจัย
650 0 4 _aลาว -- การเมืองและการปกครอง -- วิจัย
850 _aNALT
942 _cRSH
997 _c000000000028267
_kVC
998 _aNarumon Suwan
999 _c28267
_d28267